000 00870nam a2200217Ia 4500
003 GCL
008 140319s9999 xx 000 0 ara d
020 _a3192879960
040 _aGCL /
_cGCL
082 0 4 _a641.22
_bش خ
100 1 _aشبيب بن على الحاضرى
245 1 0 _aالخمر داء وليست بدواء /
_cشبيب بن على الحاضرى
250 _aالثانية
260 _aالرياض :
_bرابطة العالم الاسلامى ،
_c2000
300 _a399 ص ؛
_c24 سم
490 _aهيئة الاعجاز العلمى فى القران والسنة
_v12
650 0 4 _aالمشروبات الروحية-التأثير الفسيولوجى
650 0 4 _aالمشروبات الروحية-الجوانب الصحية
650 0 4 _aالمشروبات الروحية فى الدين والفولكلور
942 _2ddc
_cBK
999 _c6959
_d6959